[Event "GpB Tiebreak"]
[Site "Cap d'Agde FRA"]
[Date "2006.10.29"]
[Round "1"]
[White "Koneru,H"]
[Black "Bacrot,E"]
[Result "0-1"]
[WhiteElo "2545"]
[BlackElo "2705"]
[EventDate "2006.10.29"]

1. d4 d5 2. c4 c6 3. Nf3 Nf6 4. e3 a6 5. Bd3 e6 6. b3 c5 7. cxd5 exd5 8.
O-O Nc6 9. Bb2 Bg4 10. Be2 Be7 11. h3 Be6 12. Nbd2 O-O 13. Rc1 b6 14. dxc5
Bxc5 15. Qc2 Qe7 16. Ng5 g6 17. Nxe6 fxe6 18. a3 a5 19. Qb1 Rf7 20. Nf3 Ne4
21. Bb5 Rxf3 22. Bxc6 Raf8 23. gxf3 Nd2 24. Qd3 Nxf3+ 25. Kg2 Qg5+ 26. Kh1
Qh5 27. Kg2 Nh4+ 28. Kh2 Qf3 29. Rg1 Bd6+ 30. Rg3 Qg2+ 0-1

[Event "GpB Tiebreak"]
[Site "Cap d'Agde FRA"]
[Date "2006.10.29"]
[Round "1"]
[White "Zhao Xue"]
[Black "Karpov,Ana"]
[Result "1-0"]
[WhiteElo "2467"]
[BlackElo "2668"]
[EventDate "2006.10.29"]

1. d4 Nf6 2. c4 e6 3. Nf3 b6 4. Nc3 Bb4 5. Bg5 Bxc3+ 6. bxc3 Bb7 7. Nd2 h6
8. Bh4 g5 9. Bg3 d6 10. Qc2 Qe7 11. e4 Nh5 12. Be2 Nf4 13. Bxf4 gxf4 14. g3
Qf6 15. Qd3 Nd7 16. Bf3 e5 17. Bg4 Nf8 18. Nf3 Bc8 19. Bxc8 Rxc8 20. c5 Ng6
21. c6 h5 22. d5 a5 23. Ke2 Kf8 24. Rag1 Rg8 25. Kd1 Ra8 26. a4 Ke7 27. Kc2
Rh8 28. Nd2 fxg3 29. fxg3 h4 30. Rf1 Qg5 31. Rhg1 hxg3 32. hxg3 Rh2 33. Rf5
Qh6 34. Rgf1 Rf8 35. R1f2 Rxf2 36. Rxf2 Ra8 37. Nb1 Nf8 38. Na3 Nh7 39. Nb5
Rc8 40. Qf3 Qg6 41. Kd3 Nf6 42. c4 Ng4 43. Rf1 Nh2 44. Qf5 Nxf1 45. Qxc8
Qxg3+ 46. Ke2 Qg2+ 47. Ke1 Qd2+ 1-0

[Event "GpB Tiebreak"]
[Site "Cap d'Agde FRA"]
[Date "2006.10.29"]
[Round "2"]
[White "Koneru,H"]
[Black "Zhao Xue"]
[Result "0-1"]
[WhiteElo "2545"]
[BlackElo "2467"]
[EventDate "2006.10.29"]

1. d4 Nf6 2. c4 e6 3. Nf3 d5 4. Nc3 Bb4 5. Bg5 h6 6. Bxf6 Qxf6 7. e3 O-O 8.
cxd5 exd5 9. Qb3 Qd6 10. Bd3 Be6 11. O-O c5 12. dxc5 Bxc5 13. Qxb7 Nd7 14.
Qa6 Qe7 15. Qa4 Rab8 16. Qc2 Bd6 17. Rac1 Bg4 18. Be2 Nf6 19. Rfd1 Rfd8 20.
g3 Rbc8 21. Qb3 Be6 22. Nd4 Be5 23. Ncb5 a6 24. Nxe6 fxe6 25. Nd4 Rb8 26.
Qd3 Bxd4 27. Qxd4 e5 28. Qa4 Rxb2 29. Bxa6 Ne4 30. Rc2 Nc5 31. Rxc5 Qxc5
32. Bf1 Kh8 33. Bg2 d4 34. exd4 exd4 35. Be4 d3 36. Rf1 Rf8 37. Bxd3 Rbxf2
38. Rxf2 Qxf2+ 0-1

[Event "GpB Tiebreak"]
[Site "Cap d'Agde FRA"]
[Date "2006.10.29"]
[Round "2"]
[White "Bacrot,E"]
[Black "Karpov,Ana"]
[Result "1/2-1/2"]
[WhiteElo "2705"]
[BlackElo "2668"]
[EventDate "2006.10.29"]

1. d4 d5 2. c4 dxc4 3. Nf3 Nf6 4. e3 e6 5. Bxc4 c5 6. O-O a6 7. Bd3 cxd4 8.
exd4 Be7 9. Nc3 b5 10. Re1 Bb7 11. Bg5 Nbd7 12. Ne5 O-O 13. Re3 Re8 14. Rh3
g6 15. Qd2 Nf8 16. Bc2 b4 17. Na4 Ne4 18. Bxe4 Bxg5 19. Qd3 Bxe4 20. Qxe4
Rc8 21. Nc5 Qd5 22. Qxd5 exd5 23. Nxa6 Rc2 24. Nxb4 Rxb2 25. Nxd5 Rd8 26.
Ne3 Rxd4 27. Nf3 Bxe3 28. fxe3 Ra4 29. Rh4 Ra3 30. Re4 Ne6 31. Re5 Kg7 32.
h3 h5 33. Kh2 Re2 34. Nd4 Nxd4 35. exd4 Rd2 36. Rd5 Rc3 37. a4 Rcc2 38. Rg1
Ra2 39. a5 h4 40. Kh1 f5 41. Rd7+ Kh6 42. d5 Rxa5 43. d6 Kg5 44. Rd8 Rad5
45. d7 Re5 46. Kh2 Re7 47. Kh1 Rf7 48. Rf1 Rfxd7 49. Rxd7 Rxd7 50. Kg1 Rd5
51. Kf2 Rd3 52. Ke2 Ra3 53. Kf2 Kf4 54. Rc1 Ra2+ 55. Kg1 Re2 56. Rc3 g5 57.
Rf3+ Ke4 58. Kf1 Ra2 59. Rb3 Ra4 60. Kf2 g4 61. hxg4 fxg4 62. Kf1 Ra1+ 63.
Ke2 Kf4 64. Kf2 g3+ 65. Ke2 Ra4 66. Rf3+ Kg4 67. Rf8 Re4+ 68. Kf1 Re5 69.
Rg8+ Kf4 70. Rf8+ Ke3 71. Rf3+ Kd2 72. Kg1 Ke2 73. Rf4 Ke3 74. Rf1 Kd2 75.
Ra1 Re4 76. Rf1 Re2 77. Ra1 Kc3 78. Rc1+ Kd4 79. Ra1 Rb2 80. Ra4+ Kc5 81.
Ra1 Rb4 82. Rc1+ Kd4 83. Re1 Kd3 84. Ra1 Ke4 85. Re1+ Kf4 86. Rf1+ Kg4 87.
Ra1 h3 88. gxh3+ Kxh3 89. Rc1 Rb2 90. Rd1 1/2-1/2

[Event "GpB Tiebreak"]
[Site "Cap d'Agde FRA"]
[Date "2006.10.29"]
[Round "3"]
[White "Karpov,Ana"]
[Black "Koneru,H"]
[Result "1/2-1/2"]
[WhiteElo "2668"]
[BlackElo "2545"]
[EventDate "2006.10.29"]

1. d4 Nf6 2. c4 e6 3. Nc3 Bb4 4. Qc2 d5 5. cxd5 exd5 6. Bg5 O-O 7. Nf3 Re8
8. e3 c6 9. Bd3 h6 10. Bh4 Be7 11. O-O Nbd7 12. Rab1 a5 13. a3 Ne4 14. Bxe4
Bxh4 15. Bh7+ Kh8 16. Bf5 Be7 17. b4 axb4 18. axb4 Bd6 19. b5 Nf6 20. bxc6
bxc6 21. Bxc8 Rxc8 22. Rb7 Re7 23. Rxe7 Qxe7 24. Rb1 g6 25. g3 Kg7 26. Kg2
c5 27. dxc5 Rxc5 28. Qd3 Qe6 29. Ne2 Ne4 30. Rb7 Qf6 31. h3 Ra5 32. Rb5 Nc5
33. Qb1 Rxb5 34. Qxb5 Qf5 35. Ned4 Qe4 36. Qb6 Be7 37. Qc7 Nd3 38. Nc6 Ne1+
39. Kf1 Nxf3 40. Qxe7 Nd2+ 41. Ke2 Qc4+ 42. Kxd2 Qxc6 43. Qe5+ Kg8 44. Qf4
h5 45. g4 hxg4 46. hxg4 Qc5 47. g5 Kg7 48. Qf6+ Kg8 49. Ke2 Qc4+ 50. Kf3
Qd3 51. Qe5 Qd1+ 52. Kg2 Qg4+ 53. Qg3 Qe4+ 54. Qf3 Qe6 55. Qf4 Qc6 56. Kg3
Qe6 57. Qb8+ Kg7 58. Qb2+ Kh7 59. Qd4 Qf5 60. Qf4 Qe6 1/2-1/2

[Event "GpB Tiebreak"]
[Site "Cap d'Agde FRA"]
[Date "2006.10.29"]
[Round "4"]
[White "Zhao Xue"]
[Black "Koneru,H"]
[Result "1-0"]
[WhiteElo "2467"]
[BlackElo "2545"]
[EventDate "2006.10.29"]

1. d4 e6 2. c4 c5 3. d5 exd5 4. cxd5 d6 5. Nc3 a6 6. a4 g6 7. Nf3 Bg7 8. e4
Ne7 9. Bd3 O-O 10. O-O f5 11. exf5 Nxf5 12. Ne4 Nd7 13. Rb1 Ne5 14. Nxe5
Bxe5 15. b4 b6 16. Re1 Qh4 17. g3 Qd8 18. bxc5 bxc5 19. Nxc5 Bc3 20. Ne6
Bxe6 21. Rxe6 Nd4 22. Re4 Nf3+ 23. Kg2 Ne5 24. Bb2 Bxb2 25. Rxb2 Qf6 26.
Rf4 Qg7 27. Rxf8+ Rxf8 28. Bxa6 Nf3 29. Rb7 Qf6 30. Qe2 Nd4 31. Qe3 Kh8 32.
Rc7 Nf5 33. Qe6 Qd4 34. Rc4 Nh4+ 35. Kh3 Qxf2 36. Rxh4 g5 37. Rh6 Qf3 38.
Qe2 g4+ 39. Kh4 Qf7 40. Qb2+ Kg8 41. Rh5 h6 42. Rxh6 Qe7+ 43. Kxg4 Rf7 44.
Rg6+ Kh7 45. Bd3 Qd7+ 46. Kh4 Qe7+ 47. Kh3 Qd7+ 48. Rg4+ Kh6 49. Qd2+ 1-0

[Event "GpB Tiebreak"]
[Site "Cap d'Agde FRA"]
[Date "2006.10.29"]
[Round "5"]
[White "Koneru,H"]
[Black "Karpov,Ana"]
[Result "1-0"]
[WhiteElo "2545"]
[BlackElo "2668"]
[EventDate "2006.10.29"]

1. d4 Nf6 2. Nf3 e6 3. c4 d5 4. Nc3 c6 5. e3 Nbd7 6. Bd3 dxc4 7. Bxc4 b5 8.
Bd3 Bb7 9. O-O a6 10. e4 c5 11. d5 Qc7 12. dxe6 fxe6 13. Bc2 c4 14. Ng5 Qc6
15. Qf3 h6 16. Qh3 Nc5 17. Be3 Bc8 18. e5 hxg5 19. Qxh8 Bb7 20. f3 Nfd7 21.
Bxg5 Nxe5 22. Rad1 Nf7 23. Bg6 Nd3 24. Qh5 Nde5 25. Be4 Qc5+ 26. Kh1 g6 27.
Qh4 Bc6 28. Bxc6+ Qxc6 29. Ne4 Bg7 30. Bf6 Kf8 31. Bxg7+ Kxg7 32. Qf6+ Kg8
33. Rd4 Rf8 34. Rfd1 Kh7 35. Ng5+ Kg8 36. Nxe6 1-0